1198 1760 1976 1148 1722 1903 1040 1213 1160 1525 1927 1118 1774 1958 1329 1603 1395 1412 1548 1346 1592 1964 1172 1221 1296 1122 1803 1187 1380 1190 1033 1236 1155 1800 1208 1975 1393 1434 1114 1899 1402 1634 1262 1782 1966 1350 1765 1428 1235 1624 1373 1244 1536 1332 1334 1061 1252 1941 1515 1156 1694 1481 1093 1379 1137 1773 1602 1277 1696 1789 1841 1765 1545 1608 1428 1542 1271 1581 1932 1694 1964 1579 1484 1705 1465 1208 1343 1399 1680 1949 1771 1230 1512 1406 1772 1512 1567 1302 1948 BCNSPRNW ULIB Ver.6.0+V

เปลี่ยนเป็นภาษาไทย

Change to English
 แสดงรายละเอียดบรรณานุกรม
  กลับหน้าหลัก

Brief Record : Get Marc (ISO 2709) : E-mail record : QR code < ปิดหน้าต่าง
LEADER : 00000nam 2200000uu 4500
001    13399121922
003     ULIB
008    121213s2549||||th 000 0 tha d
020    ^a9749716477
060 04 ^aWM460^bส271ช 2549
100 0  ^aสมภพ เรืองตระกูล
245 10 ^aชีวิตรักบุคคลสำคัญของโลก :^bภาพสะท้อนเชิงจิตวิทยา /^cสมภพเรืองตระกูล
250    ^aพิมพ์ครั้งที่ 1
260    ^aกรุงเทพฯ :^bภาควิชาจิตเวชศาสตร์ คณะแพทยศาสตร์ศิริราชพยาบาลมหาวิทยาลัยมหิดล,^c2549
300    ^a532 หน้า ;^c22 ซม.
440  0 ^aตำราจิตเวชสำหรับแพทย์เวชศาสตร์ครอบครัว ;^vชุดที่ 5
650  7 ^aจิตวิเคราะห์
650  7 ^aจิตวิทยา
653    ^aผลงานอาจารย์คณะแพทยศาสตร์ศิริราชพยาบาล
710 2  ^aมหาวิทยาลัยมหิดล. ^bคณะแพทยศาสตร์ศิริราชพยาบาล.^bภาควิชาจิตเวชศาสตร์
945    ^p199^l0^i14993
995    ^aทศพร
999    ^aทศพร เกษรทอง
รายการนี้ยังไม่มีแท็ก
คุณยังไม่ได้ล็อกอิน คุณสามารถมีกิจกรรมร่วมกับเว็บไซต์ได้ แต่ต้องล็อกอินก่อน ::
  ล็อกอิน

รายการสื่อสารสนเทศ

ลำดับที่ ประเภท เลขเรียก/บาร์โค้ด สถานที่ สถานะ
1. วิทยาศาสตร์การแพทย์ และสุขภาพ
วิทยาศาสตร์การแพทย์ และสุขภาพ
WM460 ส271ช 2549 ฉ.1 
  Barcode: 14993
ห้องสมุดวิทยาเขตสวรรค์ประชารักษ์
►หนังสือทั่วไป
บนชั้น

รายการใกล้เคียง
    ผู้แต่ง [สมภพ เรืองตระกูล]

    หัวเรื่อง [จิตวิเคราะห์]
    หัวเรื่อง [จิตวิทยา]

BibComment


ยังไม่เคยถูกคอมเมนท์

คอมเมนท์ทรัพยากรรายการนี้
  คอมเมนท์: ชีวิตรักบุคคลสำค..


 Copyright 2026. Bcnsprnw @Library